000 00995nam0a22002531 4500
001 rc\2713887
005 20110915163507.2
035 _a(NLR Aleph) 006841766
090 _a6653320
_c6653320
100 _a20110915d1938 |||y0rusy50 ca
101 0 _arus
102 _aRU
105 _ay j |||||
200 1 _aЗадачник по курсу теплотехники
_e(Для неэнергетических факультетов)
_fС. Я. Белинский, С. В. Ладыгин
_gНКТП СССР. Всесоюз. пром. акад. им. И. В. Сталина
210 _aМосква
_cИздательский сектор Акад.
_d1938
215 _a87 с.
_cфиг.
_d29 см.
300 _aНаписано от руки и стеклогр.
700 1 _aБелинский
_bС. Я.
_gСемен Яковлевич
701 1 _aЛадыгин
_bС. В.
801 0 _aRU
_bNLR
_gpsbo
801 1 _aRU
_bELAR
_2rusmarc
852 _aNLR
_j38-13/307
942 _cBOOK
980 _aNB